Capitals Beginning with T - Statistics

General Stats
  • This quiz has been taken 433 times
  • The average score is 8 of 11
Answer Stats
Capital % Correct
Taipei
82%
Tehran
82%
Tallinn
80%
Tashkent
80%
Tunis
80%
Tokyo
77%
Tegucigalpa
70%
Tirana
70%
Thimphu
68%
Tripoli
68%
Tbilisi
67%
No matching quizzes found
Score Distribution
Percent of People with Each Score
Percentile by Number Answered
Your Score History
You have not taken this quiz